书目信息 |
| 题名: |
异形城市隧道通风特性及污染物协同控制技术
|
|
| 作者: | 张欣 著 | |
| 分册: | ||
| 出版信息: | 北京 中国石化出版社 2021.12 |
|
| 页数: | 216页 | |
| 开本: | 24cm | |
| 丛书名: | ||
| 单 册: | ||
| 中图分类: | U459.9 , X731.06 | |
| 科图分类: | ||
| 主题词: | 城市隧道--cheng shi sui dao--隧道通风--研究 , 城市隧道--cheng shi sui dao--空气污染控制--研究 | |
| 电子资源: | ||
| ISBN: | 978-7-5114-6506-1 | |
| 000 | 01209nam0 2200277 450 | |
| 001 | 011025152740 | |
| 005 | 20221025152740.0 | |
| 010 | @a978-7-5114-6506-1@dCNY68.00 | |
| 099 | @aCAL 012022008570 | |
| 100 | @a20201004d2021 em y0chiy0120 ea | |
| 101 | 0 | @achi |
| 102 | @aCN@b110000 | |
| 105 | @aak a 000yy | |
| 106 | @ar | |
| 200 | 1 | @a异形城市隧道通风特性及污染物协同控制技术@Ayi xing cheng shi sui dao tong feng te xing ji wu ran wu xie tong kong zhi ji shu@f张欣著 |
| 210 | @a北京@c中国石化出版社@d2021.12 | |
| 215 | @a216页@c图@d24cm | |
| 300 | @a西安石油大学优秀学术著作出版基金资助 | |
| 320 | @a有书目 | |
| 330 | @a本书是作者近年来在异形城市隧道通风及污染物控制方面进行理论研究和实际应用的成果总结。系统阐述了隧道通风与污染物控制的基本概念、隧道通风的实验与数值模拟方法、隧道运营通风设计方法与适用的环境控制技术、分岔隧道分离流动的局部损失机制及通风特性、近接隧道洞口处的污染物扩散机理、隧道动力参数与环境控制指标间的耦合/解耦机制等内容。 | |
| 606 | 0 | @a城市隧道@Acheng shi sui dao@x隧道通风@x研究 |
| 606 | 0 | @a城市隧道@Acheng shi sui dao@x空气污染控制@x研究 |
| 690 | @aU459.9@v5 | |
| 690 | @aX731.06@v5 | |
| 701 | 0 | @a张欣@Azhang xin@4著 |
| 905 | @a河南城建学院图书馆@dU459.9@eZ215 | |
| 异形城市隧道通风特性及污染物协同控制技术/张欣著.-北京:中国石化出版社,2021.12 |
| 216页:图;24cm |
| 西安石油大学优秀学术著作出版基金资助 |
| ISBN 978-7-5114-6506-1:CNY68.00 |
| 本书是作者近年来在异形城市隧道通风及污染物控制方面进行理论研究和实际应用的成果总结。系统阐述了隧道通风与污染物控制的基本概念、隧道通风的实验与数值模拟方法、隧道运营通风设计方法与适用的环境控制技术、分岔隧道分离流动的局部损失机制及通风特性、近接隧道洞口处的污染物扩散机理、隧道动力参数与环境控制指标间的耦合/解耦机制等内容。 |
| ● |
| 相关链接 |
|
|
|
正题名:异形城市隧道通风特性及污染物协同控制技术
索取号:U459.9/Z215
 
预约/预借
| 序号 | 登录号 | 条形码 | 馆藏地/架位号 | 状态 | 备注 |
| 1 | 1585574 | 215855741 | 自科库501/501自科库 86排1列1层/ [索取号:U459.9/Z215] | 在馆 |